Itik

Bibliographic Details
Main Author: Bailey, Jill
Format: Book
Published: Petaling Jaya : Penerbit Pan Earth Sdn. Bhd. , 1992
Series:Siri Kitar Hidup Haiwan
Subjects:

MARC

LEADER 00000cam a2200000 7i4500
001 0000005385
002 000005820
005 20060123.0
020 |a 9679567346 
090 0 0 |a 591.51   |b KIT 
100 1 |a Bailey, Jill 
245 1 0 |a Itik   |c Jill Bailey ; illustrasi oleh Jackie Harland 
260 |a Petaling Jaya :   |b Penerbit Pan Earth Sdn. Bhd. ,   |c 1992 
300 |a 31p. :   |b ill. ;   |c 18cm. 
490 0 |a Siri Kitar Hidup Haiwan 
650 0 0 |a Ducks   |x Juvenile literature 
999 |a 026978   |b BUKU   |c PINJAMAN   |e PERPUSTAKAAN KOMUNITI PETALING JAYA